000 00574nam a22002057a 4500
003 OSt
005 20221213152046.0
008 221213s2006 sp a|||gr6||| 00| j spa d
020 _a8496121976
040 _aCO-JMCR
_cCO-JMCR
041 0 _aspa
082 0 4 _aH /
_bVEGr
100 1 _aVegas, Enrique V.,
_eautor
_942535
245 1 3 _aEl retorno del Cabezón /
_cEnrique V. Vegas
260 _aPalma de Mallorca :
_bDolmen,
_c2005
300 _a[48] páginas :
_bilustraciones a color ;
_c24 cm
490 0 _aSiurell
650 1 4 _aTiras cómicas
_95616
942 _2ddc
_cBK
999 _c29798
_d16182